Quiz o flagach - Statystyki

Ogólne statystyki
  • Ten quiz został rozwiązany 24 razy
  • Średni wynik to 7 z 20
Statystyki odpowiedzi
Obrazkowy Hint Odpowiedź % Poprawnych
Państwo w Azji Sri Lanka
94%
Państwo w Europie Słowenia
82%
Państwo w Afryce Ghana
71%
Kolonia brytyjska w Ameryce Północnej Kanada
65%
Wyspa we włoszech Sardynia
59%
Dawne państwo w Afryce Zair
53%
Dawna flaga państwa w Europie Austria
47%
Terytorium Francji na Małych Antylach Gwadelupa
47%
Województwo w Polsce Podlaskie
47%
Nieuznawane państwo w Afryce Somaliland
47%
Miasto na Litwie Kowno
29%
Terytorium Nowej Zelandii Wyspy Cooka
29%
Stan USA Luizjana
24%
Dawne państwo Państwo Zakonu Krzyżackiego
12%
Kolonia francuska w Afryce Sudan
12%
Nieuznawane państwo w Europie DRL
6%
Republika radziecka Estońska SRR
6%
Obwód na Białorusi Mohylewski
6%
Organizacja WNP
6%
Region w Brazylii Bahia
0%
Nie znaleziono quizów pasujących do podanych kryteriów
Rozkład punktacji
Procent ludzi z każdym wynikiem
Percentyl według liczby udzielonych odpowiedzi
Twoja historia wyników
Nie rozwiązałeś tego quizu